UBT Library

Go! with Microsoft Office 2013 / (Record no. 38868)

000 -LEADER
fixed length control field 00878cam a2200265 i 4500
001 - CONTROL NUMBER
control field 17612752
005 - DATE AND TIME OF LATEST TRANSACTION
control field 20171211095525.0
008 - FIXED-LENGTH DATA ELEMENTS--GENERAL INFORMATION
fixed length control field 130204s2014 maua 001 0 eng
010 ## - LIBRARY OF CONGRESS CONTROL NUMBER
LC control number 2013000416
020 ## - INTERNATIONAL STANDARD BOOK NUMBER
International Standard Book Number 9780133142662 (pbk. : spiral bound : volume 1)
020 ## - INTERNATIONAL STANDARD BOOK NUMBER
International Standard Book Number 0133142663 (pbk. : spiral bound : volume 1)
020 ## - INTERNATIONAL STANDARD BOOK NUMBER
International Standard Book Number 9780133411799 (spiral bound : volume 2)
020 ## - INTERNATIONAL STANDARD BOOK NUMBER
International Standard Book Number 0133411796 (spiral bound : volume 2)
040 ## - CATALOGING SOURCE
Original cataloging agency DLC
Language of cataloging eng
Transcribing agency DLC
Description conventions rda
Modifying agency DLC
041 ## - LANGUAGE CODE
Language code of text/sound track or separate title eng
042 ## - AUTHENTICATION CODE
Authentication code pcc
080 ## - UNIVERSAL DECIMAL CLASSIFICATION NUMBER
Universal Decimal Classification number 004 GAS
082 00 - DEWEY DECIMAL CLASSIFICATION NUMBER
Classification number 004 GAS
Edition number 23
100 1# - Rafti
Rafti 28
101 ## - Shkurtesa
Shkurtesa SHK
245 10 - TITLE STATEMENT
Title Go! with Microsoft Office 2013 /
Statement of responsibility, etc Shelley Gaskin, Alicia Vargas, and Carolyn McLellan.
906 ## - LOCAL DATA ELEMENT F, LDF (RLIN)
a 7
b cbc
c orignew
d 1
e ecip
f 20
g y-gencatlg
942 ## - ADDED ENTRY ELEMENTS (KOHA)
Source of classification or shelving scheme
Item type Books
Holdings
Withdrawn status Lost status Source of classification or shelving scheme Damaged status Not for loan Collection code Permanent location Current location Shelving location Date acquired Total Checkouts Full call number Barcode Date last seen Price effective from Koha item type
          Koleksioni i përgjithshem UBT - Lipjan UBT - Lipjan Koleksioni i përgjithshem 12/11/2017   004 GAS 002-2939109 12/11/2017 12/11/2017 Books
UBT Library © 2015-2024. All rights reserved University Education for Business and Technology